[Event "Vaujany op-A 7th"]
[Site "Vaujany"]
[Date "2016.07.24"]
[Round "9"]
[White "Viennot, Dylan"]
[Black "Bianchi, Tobias"]
[Result "1-0"]
[WhiteElo "2331"]
[BlackElo "2016"]
[PlyCount "75"]
[EventDate "2016.07.16"]
[EventType "swiss"]
[EventRounds "9"]
[EventCountry "FRA"]
[SourceTitle "EXT 2019"]
[Source "ChessBase"]
[SourceDate "2018.10.10"]
[SourceVersion "1"]
[SourceVersionDate "2018.10.10"]
[SourceQuality "1"]

1. d4 d5 2. Bf4 c5 3. e3 Nc6 4. Nf3 Bg4 5. Bb5 Qb6 6. Nc3 e6 7. 0-0 Nf6 8. a4 a5 9. h3 Bxf3 10. Qxf3 cxd4 11. exd4 Be7 12. Ne2 0-0 13. c3 Ne4 14. Ng3 Nxg3 15. Qxg3 Qd8 16. Bc7 Qd7 17. Be5 f6 18. Bf4 Rad8 19. Rfe1 Bd6 20. Bxd6 Qxd6 21. f4 Ne7 22. Bd3 Nf5 23. Qf3 Qd7 24. Re2 Nd6 25. Rae1 f5 26. Rxe6 Ne4 27. Re5 Qxa4 28. Qe2 Qd7 29. Rxd5 Ng3 30. Qe5 Qxd5 31. Qxd5+ Rxd5 32. Bc4 Rfd8 33. Re5 b5 34. Bxd5+ Kf8 35. Bf3 b4 36. Kf2 Ne4+ 37. Bxe4 fxe4 38. Rxa5 1-0

[Event "Vaujany op-A 7th"]
[Site "Vaujany"]
[Date "2016.07.23"]
[Round "8"]
[White "Bianchi, Tobias"]
[Black "Gatineau, Yovann"]
[Result "1-0"]
[WhiteElo "2016"]
[BlackElo "2206"]
[PlyCount "105"]
[EventDate "2016.07.16"]
[EventType "swiss"]
[EventRounds "9"]
[EventCountry "FRA"]
[SourceTitle "EXT 2019"]
[Source "ChessBase"]
[SourceDate "2018.10.10"]
[SourceVersion "1"]
[SourceVersionDate "2018.10.10"]
[SourceQuality "1"]

1. d4 Nf6 2. c4 g6 3. Nc3 d5 4. cxd5 Nxd5 5. e4 Nxc3 6. bxc3 Bg7 7. Bc4 c5 8. Ne2 Nc6 9. Be3 0-0 10. Rc1 b6 11. h4 e5 12. dxc5 Qc7 13. h5 Na5 14. Bd5 Bb7 15. hxg6 hxg6 16. c4 bxc5 17. Qd2 Bxd5 18. cxd5 Nb7 19. Rc3 Rac8 20. Bh6 f6 21. Rch3 Rf7 22. Nc3 Nd6 23. Qe3 Bxh6 24. Rxh6 Rg7 25. Qg3 Kf7 26. Rxg6 Rcg8 27. Rxg7+ Rxg7 28. Qh3 Qe7 29. Qh5+ Kf8 30. Qh8+ Rg8 31. Qh6+ Ke8 32. Qh3 c4 33. Ke2 Kf7 34. Qh5+ Kf8 35. Rb1 Kg7 36. Qg4+ Kf7 37. Qh5+ Kg7 38. Rh1 Kf8 39. Qh6+ Kf7 40. Qh7+ Rg7 41. Qh5+ Kf8 42. Qf3 Ne8 43. g3 Qd7 44. Rb1 Qd8 45. Qf5 Qa5 46. Rb8 Qa6 47. a4 Qd6 48. Qc8 Re7 49. Nb5 Qb4 50. d6 Qb2+ 51. Kf3 Qb3+ 52. Kg2 Qxg3+ 53. fxg3 1-0

[Event "Vaujany op-A 7th"]
[Site "Vaujany"]
[Date "2016.07.20"]
[Round "5"]
[White "Dudognon, Thibault"]
[Black "Bianchi, Tobias"]
[Result "0-1"]
[WhiteElo "2158"]
[BlackElo "2016"]
[PlyCount "98"]
[EventDate "2016.07.16"]
[EventType "swiss"]
[EventRounds "9"]
[EventCountry "FRA"]
[SourceTitle "EXT 2019"]
[Source "ChessBase"]
[SourceDate "2018.10.10"]
[SourceVersion "1"]
[SourceVersionDate "2018.10.10"]
[SourceQuality "1"]

1. e4 c5 2. Nf3 d6 3. d4 cxd4 4. Nxd4 Nf6 5. Nc3 Nc6 6. Bg5 e6 7. Qd2 a6 8. 0-0-0 Bd7 9. f4 b5 10. Nxc6 Bxc6 11. e5 dxe5 12. Qxd8+ Rxd8 13. Rxd8+ Kxd8 14. fxe5 h6 15. Bxf6+ gxf6 16. exf6 Rg8 17. Ne2 Bc5 18. Ng3 Kc7 19. Bd3 Bxg2 20. Rd1 Rg4 21. Bf1 Bd5 22. Be2 Rh4 23. Bh5 Rxh2 24. Bxf7 Rf2 25. Rf1 Rxf1+ 26. Nxf1 Bd4 27. b3 Bxf6 28. Kd2 Kd6 29. Kd3 Be5 30. Bh5 Bf4 31. Ne3 Bxe3 32. Kxe3 Ke5 33. a3 a5 34. b4 axb4 35. axb4 Bc4 36. c3 Bf1 37. Kf2 Bc4 38. Ke3 Bf1 39. Kf2 Bc4 40. Ke3 Kf5 41. Be8 Kg4 42. Bc6 h5 43. Bf3+ Kg5 44. Bg2 h4 45. Bh3 Bd5 46. Bf1 Kg4 47. Bxb5 h3 48. Be2+ Kg3 49. c4 Bg2 0-1

[Event "FRA-ch U16"]
[Site "Montbeliard"]
[Date "2014.04.21"]
[Round "2"]
[White "Bianchi, Tobias"]
[Black "Meunier, Clement1111"]
[Result "0-1"]
[WhiteElo "1818"]
[BlackElo "2121"]
[PlyCount "64"]
[EventDate "2014.04.20"]
[EventType "swiss"]
[EventRounds "9"]
[EventCountry "FRA"]
[SourceTitle "CBM 160 Extra"]
[Source "ChessBase"]
[SourceDate "2014.07.01"]
[SourceVersion "1"]
[SourceVersionDate "2014.07.01"]
[SourceQuality "1"]

1. e4 e5 2. Nf3 Nc6 3. Bc4 Bc5 4. b4 Bxb4 5. c3 Ba5 6. d4 exd4 7. 0-0 d6 8. cxd4 Nf6 9. d5 Nb8 10. e5 dxe5 11. Ba3 c6 12. Qe2 e4 13. dxc6 Nxc6 14. Ng5 Be6 15. Bxe6 fxe6 16. Nxe6 Qd5 17. Nc5 Qe5 18. Nxb7 Bc7 19. g3 Nd4 20. Qc4 Nf3+ 21. Kg2 h5 22. Rc1 Nd5 23. Qc6+ Kf7 24. Rc5 Rad8 25. Nxd8+ Rxd8 26. Nc3 Nd4 27. Qb7 Qf5 28. Rxd5 Qf3+ 29. Kg1 Qxc3 30. Rf1 Ne2+ 31. Kg2 Qf3+ 32. Kh3 Nf4+ 0-1

[Event "FRA-chT U20 16 GP Basse 1213"]
[Site "France"]
[Date "2013.05.19"]
[Round "9"]
[White "Bianchi, Tobias"]
[Black "Dumas, Charles"]
[Result "0-1"]
[WhiteElo "1738"]
[BlackElo "2020"]
[PlyCount "84"]
[EventDate "2012.12.01"]
[EventType "team"]
[EventRounds "11"]
[EventCountry "FRA"]
[SourceTitle "EXT 2014"]
[Source "ChessBase"]
[SourceDate "2013.11.20"]
[SourceVersion "1"]
[SourceVersionDate "2013.11.20"]
[SourceQuality "1"]
[WhiteTeam "Vandoeuvre U20"]
[BlackTeam "Saint Mande U20"]
[WhiteTeamCountry "FRA"]
[BlackTeamCountry "FRA"]

1. e4 c5 2. Nf3 Nc6 3. d4 cxd4 4. Nxd4 e5 5. Nf3 Nf6 6. Bg5 Qa5+ 7. Bd2 Qb6 8. Bd3 Be7 9. 0-0 0-0 10. Nc3 d6 11. h3 h6 12. Qc1 Be6 13. Nh4 Nb4 14. Be2 Rac8 15. a3 Nc6 16. Bd3 Qd8 17. Bxh6 gxh6 18. Qxh6 Ng4 19. hxg4 Bxh4 20. g3 Bf6 21. Nd5 Bg7 22. Qh5 Re8 23. f3 Nd4 24. c3 Nb3 25. Rad1 Bxd5 26. exd5 Nc5 27. Bh7+ Kf8 28. g5 Rc7 29. f4 exf4 30. Rxf4 Qe7 31. Rxf7+ Qxf7 32. Rf1 Qxf1+ 33. Kxf1 Rf7+ 34. Kg2 Re5 35. Qg4 Rxd5 36. g6 Rd2+ 37. Kh3 Rff2 38. Qc8+ Ke7 39. Qc7+ Nd7 40. Qxb7 Be5 41. Qe4 Rh2+ 42. Kg4 Nf6+ 0-1

[Event "FRA-chT U20 GpA 1213"]
[Site "France"]
[Date "2013.01.04"]
[Round "4"]
[White "Froment, Theophile"]
[Black "Bianchi, Tobias"]
[Result "1-0"]
[WhiteElo "1904"]
[BlackElo "1738"]
[PlyCount "57"]
[EventDate "2012.12.01"]
[EventType "team"]
[EventRounds "7"]
[EventCountry "FRA"]
[SourceTitle "EXT 2014"]
[Source "ChessBase"]
[SourceDate "2013.11.20"]
[SourceVersion "1"]
[SourceVersionDate "2013.11.20"]
[SourceQuality "1"]
[WhiteTeam "Cannes (U20)"]
[BlackTeam "Vandoeuvre U20"]
[WhiteTeamCountry "FRA"]
[BlackTeamCountry "FRA"]

1. d4 Nf6 2. c4 Nc6 3. Nc3 e5 4. d5 Ne7 5. h4 h5 6. Bg5 Ng6 7. e3 Be7 8. Bd3 Ng4 9. Bxg6 fxg6 10. Qc2 Kf7 11. Nf3 Bf6 12. d6 b6 13. Rd1 c5 14. Nd5 Bb7 15. Ke2 Bxd5 16. Rxd5 Re8 17. Qe4 Re6 18. Rhd1 Qe8 19. Nd2 Kg8 20. f3 Nh6 21. g4 Bxg5 22. hxg5 Nf7 23. gxh5 Nxd6 24. Qd3 Nf7 25. Ne4 Rd8 26. hxg6 Nh8 27. Rxd7 Rxd7 28. Qxd7 Qxg6 29. Nf6+ 1-0

[Event "FRA-chT U20 GpA 1213"]
[Site "France"]
[Date "2012.12.02"]
[Round "3"]
[White "Venard, Paul Andre"]
[Black "Bianchi, Tobias"]
[Result "1-0"]
[WhiteElo "1868"]
[BlackElo "1738"]
[PlyCount "91"]
[EventDate "2012.12.01"]
[EventType "team"]
[EventRounds "7"]
[EventCountry "FRA"]
[SourceTitle "EXT 2014"]
[Source "ChessBase"]
[SourceDate "2013.11.20"]
[SourceVersion "1"]
[SourceVersionDate "2013.11.20"]
[SourceQuality "1"]
[WhiteTeam "Nancy (U20)"]
[BlackTeam "Vandoeuvre U20"]
[WhiteTeamCountry "FRA"]
[BlackTeamCountry "FRA"]

1. d4 Nf6 2. c4 Nc6 3. Nf3 e6 4. a3 d6 5. Nc3 a5 6. g3 g6 7. Bg2 Bg7 8. 0-0 0-0 9. Rb1 e5 10. d5 Ne7 11. e4 Nh5 12. b4 f5 13. Ng5 Nf6 14. c5 fxe4 15. Ngxe4 Bf5 16. Re1 Qd7 17. Qb3 Nxe4 18. Bxe4 Bxe4 19. Rxe4 Nf5 20. c6 Qf7 21. cxb7 Rab8 22. Qa2 Rxb7 23. bxa5 Rxb1 24. Nxb1 Nd4 25. Nc3 Nf3+ 26. Kg2 Qf5 27. Qe2 Nd4 28. Qe1 Qf3+ 29. Kg1 Qh5 30. Qe3 Nf3+ 31. Kf1 Qh3+ 32. Ke2 Nd4+ 33. Kd2 Bh6 34. f4 exf4 35. gxf4 Qxh2+ 36. Kd3 Nf5 37. Qf3 Qg1 38. Be3 Qa1 39. a6 Bg7 40. Rc4 Qxa3 41. a7 Re8 42. Bf2 Qa5 43. Kc2 Qa3 44. Ra4 Qxc3+ 45. Qxc3 Bxc3 46. a8Q 1-0

[Event "FRA-chT U20 GpA 1213"]
[Site "France"]
[Date "2012.12.01"]
[Round "1"]
[White "Bianchi, Tobias"]
[Black "Veys, Vincent"]
[Result "0-1"]
[WhiteElo "1738"]
[BlackElo "2047"]
[PlyCount "66"]
[EventDate "2012.12.01"]
[EventType "team"]
[EventRounds "7"]
[EventCountry "FRA"]
[SourceTitle "EXT 2014"]
[Source "ChessBase"]
[SourceDate "2013.11.20"]
[SourceVersion "1"]
[SourceVersionDate "2013.11.20"]
[SourceQuality "1"]
[WhiteTeam "Vandoeuvre U20"]
[BlackTeam "Mulhouse (U20)"]
[WhiteTeamCountry "FRA"]
[BlackTeamCountry "FRA"]

1. d4 d5 2. c4 c6 3. Nc3 dxc4 4. e4 b5 5. e5 e6 6. Nf3 Ne7 7. Bg5 h6 8. Bh4 Qa5 9. a4 b4 10. Ne4 Nf5 11. Bxc4 Nxh4 12. Nxh4 Be7 13. Nf3 0-0 14. 0-0 Rd8 15. Qe2 Nd7 16. Rfd1 Nb6 17. b3 Nd5 18. Rac1 Bb7 19. Ne1 Qb6 20. Nd3 Qxd4 21. Bxd5 exd5 22. Nec5 Bc8 23. e6 Qf6 24. exf7+ Qxf7 25. Re1 Bxc5 26. Rxc5 Ba6 27. Rxc6 Re8 28. Rxa6 Rxe2 29. Rxe2 Qf5 30. Re3 Rc8 31. h4 Rc3 32. Rf3 Qe4 33. Re3 Qd4 0-1

[Event "FRA-chT U20"]
[Site "France"]
[Date "2012.05.27"]
[Round "?"]
[White "Bianchi, Tobias"]
[Black "Baldi, Valentine"]
[Result "1-0"]
[WhiteElo "1724"]
[BlackElo "1770"]
[PlyCount "109"]
[EventDate "2012.05.26"]
[EventType "team-swiss"]
[EventRounds "9"]
[EventCountry "FRA"]
[SourceTitle "EXT 2014"]
[Source "ChessBase"]
[SourceDate "2013.11.20"]
[SourceVersion "1"]
[SourceVersionDate "2013.11.20"]
[SourceQuality "1"]

1. d4 d5 2. c4 dxc4 3. Nf3 Nf6 4. e3 e6 5. Bxc4 c5 6. Qe2 Nc6 7. dxc5 Bxc5 8. 0-0 0-0 9. e4 e5 10. h3 h6 11. Nc3 Qe7 12. Nd5 Nxd5 13. Bxd5 Nb4 14. Bb3 Be6 15. Bxe6 Qxe6 16. a3 Nc6 17. Be3 Bxe3 18. Qxe3 Rfd8 19. Rfd1 Rac8 20. b4 b5 21. Rac1 Qe7 22. Rd5 a6 23. Rdc5 Qe6 24. Qc3 Ne7 25. Qxe5 Rxc5 26. Rxc5 Qxe5 27. Nxe5 f6 28. Nc6 Rd1+ 29. Kh2 Ng6 30. g3 Rd3 31. Nb8 Rxa3 32. Rc6 a5 33. bxa5 Rxa5 34. Rb6 Ne5 35. Nc6 Nxc6 36. Rxc6 Ra2 37. Kg2 Kf7 38. Kf3 Ke7 39. Ke3 Kd7 40. Rb6 Rb2 41. Rb7+ Kc6 42. Rxg7 b4 43. Rg6 Kb5 44. Rxf6 Kc4 45. Rxh6 b3 46. Rb6 Rb1 47. Kf4 Kc3 48. Kf5 Rf1 49. f4 b2 50. e5 Rd1 51. e6 Rd4 52. e7 Rb4 53. Rxb4 Kxb4 54. e8Q b1Q+ 55. Qe4+ 1-0

[Event "FRA-chT U20"]
[Site "France"]
[Date "2012.05.27"]
[Round "?"]
[White "L'Hostis, Tristan"]
[Black "Bianchi, Tobias"]
[Result "0-1"]
[WhiteElo "1533"]
[BlackElo "1724"]
[PlyCount "70"]
[EventDate "2012.05.26"]
[EventType "team-swiss"]
[EventRounds "9"]
[EventCountry "FRA"]
[SourceTitle "EXT 2014"]
[Source "ChessBase"]
[SourceDate "2013.11.20"]
[SourceVersion "1"]
[SourceVersionDate "2013.11.20"]
[SourceQuality "1"]

1. d4 Nf6 2. c4 Nc6 3. Nf3 e6 4. Bg5 Bb4+ 5. Nc3 h6 6. Bd2 d6 7. a3 Bxc3 8. Bxc3 0-0 9. e3 Qe7 10. Bd3 e5 11. d5 Nb8 12. e4 Bg4 13. 0-0 Nbd7 14. b4 b6 15. Re1 Nh5 16. h3 Bxf3 17. Qxf3 Nf4 18. Bd2 Qf6 19. Bc2 g5 20. Kh2 Qg7 21. g3 Ng6 22. Ba4 Rad8 23. Be3 Ne7 24. g4 Ng6 25. Bxd7 Rxd7 26. Rf1 Nf4 27. Qd1 Rfd8 28. c5 Qh7 29. f3 bxc5 30. bxc5 dxc5 31. Bxc5 h5 32. Kg3 hxg4 33. Rh1 Qh4+ 34. Kh2 Qxh3+ 35. Kg1 Qg2# 0-1

[Event "FRA-chT U20"]
[Site "France"]
[Date "2012.05.26"]
[Round "?"]
[White "Stark, Antoine"]
[Black "Bianchi, Tobias"]
[Result "0-1"]
[WhiteElo "1614"]
[BlackElo "1724"]
[PlyCount "58"]
[EventDate "2012.05.26"]
[EventType "team-swiss"]
[EventRounds "9"]
[EventCountry "FRA"]
[SourceTitle "EXT 2014"]
[Source "ChessBase"]
[SourceDate "2013.11.20"]
[SourceVersion "1"]
[SourceVersionDate "2013.11.20"]
[SourceQuality "1"]

1. d4 Nf6 2. c4 Nc6 3. Nc3 e5 4. d5 Ne7 5. e4 Ng6 6. a3 a5 7. Nf3 Bc5 8. h3 d6 9. Rb1 Bd7 10. b4 axb4 11. axb4 Bb6 12. Bd3 0-0 13. 0-0 Qe7 14. Bb2 Nf4 15. Bc2 N6h5 16. Kh2 g5 17. g4 Ng7 18. Na4 Qf6 19. Kg3 Ba7 20. c5 h5 21. cxd6 cxd6 22. Ba3 Bb5 23. Re1 h4+ 24. Kh2 Bxf2 25. Bb2 Bg3+ 26. Kg1 Nxh3+ 27. Kg2 Nf4+ 28. Kh1 Bxe1 29. Qxe1 Bxa4 0-1

[Event "FRA-chT U20 1112"]
[Site "France"]
[Date "2011.12.04"]
[Round "3.3"]
[White "Bianchi, Tobias"]
[Black "Jrade, Willis"]
[Result "1-0"]
[WhiteElo "1728"]
[BlackElo "1583"]
[PlyCount "73"]
[EventDate "2011.12.03"]
[EventType "team-swiss"]
[EventRounds "7"]
[EventCountry "FRA"]
[SourceTitle "EXT 2013"]
[Source "ChessBase"]
[SourceDate "2012.11.22"]
[SourceVersion "1"]
[SourceVersionDate "2012.11.22"]
[SourceQuality "1"]

1. d4 Nf6 2. c4 g6 3. Nc3 Bg7 4. e4 d6 5. Nf3 0-0 6. Be2 e5 7. 0-0 Nc6 8. d5 Ne7 9. Ne1 Nd7 10. Be3 f5 11. f3 f4 12. Bf2 g5 13. a4 Ng6 14. Nb5 Nf6 15. c5 a6 16. Na3 h5 17. cxd6 Qxd6 18. Rc1 Rf7 19. Bc5 Qd7 20. Bc4 b6 21. Bf2 Qd6 22. Bb3 Bb7 23. Nc4 Qd8 24. d6 Kf8 25. dxc7 Qxd1 26. Rxd1 Rxc7 27. Bxb6 Rd7 28. Nd3 Nxe4 29. fxe4 Bxe4 30. Nc5 Rxd1 31. Rxd1 Nh4 32. Nxe4 f3 33. Bc5+ Kg8 34. Nxe5+ Kh8 35. Nf7+ Kh7 36. Nfxg5+ Kh6 37. Rd6+ 1-0

[Event "Metz op-B 29th"]
[Site "Metz"]
[Date "2011.05.08"]
[Round "9"]
[White "Steininger, Denis"]
[Black "Bianchi, Tobias"]
[Result "1/2-1/2"]
[WhiteElo "1978"]
[BlackElo "1653"]
[PlyCount "88"]
[EventDate "2011.05.02"]
[EventType "swiss"]
[EventRounds "9"]
[EventCountry "FRA"]
[SourceTitle "EXT 2013"]
[Source "ChessBase"]
[SourceDate "2012.11.22"]
[SourceVersion "1"]
[SourceVersionDate "2012.11.22"]
[SourceQuality "1"]

1. e4 c5 2. Nf3 Nc6 3. d4 cxd4 4. Nxd4 Nf6 5. Nc3 d6 6. Be2 e5 7. Nf3 h6 8. h3 Be7 9. Be3 0-0 10. Qd2 Be6 11. 0-0-0 Qa5 12. Kb1 Nxe4 13. Qd3 Nxc3+ 14. Qxc3 Qxa2+ 15. Kc1 Rfc8 16. Qa3 Qxa3 17. bxa3 d5 18. Kb2 f6 19. g4 d4 20. Bd2 f5 21. Nh2 Bf6 22. f3 e4 23. Bb5 d3+ 24. c3 a6 25. gxf5 Bxf5 26. Bc4+ Kh8 27. fxe4 Bxe4 28. Rhe1 Bf5 29. Ng4 Bxg4 30. hxg4 Ne5 31. Bd5 Rd8 32. Be6 Rd6 33. g5 Rxe6 34. gxf6 gxf6 35. Bxh6 Nc4+ 36. Kb3 Rxe1 37. Rxe1 Ne5 38. Bf4 Rd8 39. c4 Kg8 40. Kc3 Kf7 41. Rb1 Rd7 42. Rb6 Rc7 43. Bxe5 fxe5 44. Kxd3 Ke7 1/2-1/2

[Event "FRA-chTA U20 1011"]
[Site "France"]
[Date "2010.11.21"]
[Round "1.5"]
[White "Sambuc, David"]
[Black "Bianchi, Tobias"]
[Result "0-1"]
[WhiteElo "1310"]
[BlackElo "1610"]
[PlyCount "106"]
[EventDate "2010.11.21"]
[EventType "team-tourn"]
[EventRounds "7"]
[EventCountry "FRA"]
[SourceTitle "EXT 2012"]
[Source "ChessBase"]
[SourceDate "2011.11.24"]
[SourceVersion "1"]
[SourceVersionDate "2011.11.24"]
[SourceQuality "1"]
[WhiteTeam "Montpellier"]
[BlackTeam "Grenoble"]
[WhiteTeamCountry "FRA"]
[BlackTeamCountry "FRA"]

1. e4 c5 2. d4 cxd4 3. Qxd4 Nc6 4. Qe3 d6 5. Bb5 Bd7 6. Bxc6 Bxc6 7. Nf3 Nf6 8. Nc3 g6 9. 0-0 Bg7 10. Bd2 0-0 11. Qe2 Qc7 12. Bf4 Nh5 13. Bg5 h6 14. Bd2 Qd7 15. Rad1 Rac8 16. Rc1 Kh7 17. b3 Bxc3 18. Bxc3 Bb5 19. Qe3 Bxf1 20. Kxf1 Qb5+ 21. Kg1 Qc5 22. Qxc5 dxc5 23. Bb2 Nf4 24. Kf1 c4 25. Ba3 cxb3 26. axb3 Rc7 27. g3 Ne6 28. h4 Nc5 29. Nd2 Rfc8 30. Nc4 Nxe4 31. Ke2 b5 32. Ne3 e6 33. Bb4 Nc3+ 34. Bxc3 Rxc3 35. Nd1 Rxc2+ 36. Rxc2 Rxc2+ 37. Ke3 Kg7 38. Kf3 a5 39. Ne3 Rc3 40. Ke4 Rxb3 41. Nc2 Rb2 42. Nd4 b4 43. f3 a4 44. Nc6 b3 45. Nb4 a3 46. Nd3 a2 47. Nxb2 a1Q 48. Nc4 Qc3 49. Ne3 b2 50. Nd1 Qc2+ 51. Ke3 b1Q 52. Nf2 Qbb3+ 53. Kf4 Qf5# 0-1

[Event "FRA-chT U20 0809"]
[Site "Sautron"]
[Date "2009.01.03"]
[Round "6.7"]
[White "Bianchi, Tobias"]
[Black "Hug, Roxana"]
[Result "1-0"]
[WhiteElo "1620"]
[BlackElo "1340"]
[PlyCount "99"]
[EventDate "2008.10.??"]
[EventType "team-tourn"]
[EventRounds "11"]
[EventCountry "FRA"]
[SourceTitle "EXT 2010"]
[Source "ChessBase"]
[SourceDate "2010.11.25"]
[SourceVersion "1"]
[SourceVersionDate "2010.11.25"]
[SourceQuality "1"]

1. d4 d5 2. c4 e6 3. Nc3 Nf6 4. Bg5 Be7 5. e3 0-0 6. Nf3 Nbd7 7. cxd5 exd5 8. Bxf6 Nxf6 9. Bd3 Bg4 10. 0-0 c5 11. dxc5 Bxc5 12. Be2 Rc8 13. h3 Be6 14. Rc1 Qe7 15. a3 a5 16. Bd3 Rfd8 17. Na4 Qd6 18. Nxc5 Rxc5 19. Nd4 Rxc1 20. Qxc1 Qd7 21. Qd2 Qc7 22. Rc1 Qb6 23. Nxe6 fxe6 24. Qc2 Kh8 25. Qc7 Qxc7 26. Rxc7 Rb8 27. Re7 b5 28. Rxe6 b4 29. a4 b3 30. Ra6 Rd8 31. Rxa5 Kg8 32. Rb5 Ra8 33. Rb4 Kf8 34. Bb5 Ne4 35. Rxb3 g6 36. f3 Nf6 37. Ra3 Rb8 38. Kf2 Kg7 39. Rb3 Ne8 40. Rc3 Nd6 41. Rc5 Rf8 42. Rxd5 Nf5 43. e4 Nh6 44. a5 Ra8 45. a6 Ng8 46. Rd7+ Kf6 47. a7 h5 48. Bc6 Rc8 49. a8Q Rxa8 50. Bxa8 1-0

[Event "FRA-chT U20 0809"]
[Site "Sautron"]
[Date "2009.01.03"]
[Round "5.7"]
[White "Feugier, Thomas"]
[Black "Bianchi, Tobias"]
[Result "0-1"]
[WhiteElo "1090"]
[BlackElo "1640"]
[PlyCount "64"]
[EventDate "2008.10.??"]
[EventType "team-tourn"]
[EventRounds "11"]
[EventCountry "FRA"]
[SourceTitle "EXT 2010"]
[Source "ChessBase"]
[SourceDate "2010.11.25"]
[SourceVersion "1"]
[SourceVersionDate "2010.11.25"]
[SourceQuality "1"]

1. d4 Nf6 2. f4 g6 3. e3 Bg7 4. Bd3 d6 5. Nf3 0-0 6. 0-0 Nbd7 7. Qe1 c5 8. Qh4 cxd4 9. exd4 Re8 10. Re1 b6 11. f5 Bb7 12. Qh3 Nh5 13. Nc3 Bxf3 14. Qxf3 Bxd4+ 15. Kh1 Bg7 16. Bd2 Ne5 17. Qh3 Nxd3 18. cxd3 Qd7 19. Rf1 Nf6 20. Rae1 d5 21. d4 Rac8 22. Bh6 Nh5 23. Bxg7 Kxg7 24. Re5 Nf6 25. Qh4 Rcd8 26. Rf3 Rh8 27. fxg6 hxg6 28. Qg4 Qxg4 29. Rxe7 Qxd4 30. Rxa7 Qd2 31. b3 Qe1+ 32. Rf1 Qxf1# 0-1

[Event "FRA-chT U20 0809"]
[Site "Sautron"]
[Date "2009.01.03"]
[Round "6.9"]
[White "Guerry, Emilien"]
[Black "Bianchi, Tobias"]
[Result "0-1"]
[WhiteElo "1330"]
[BlackElo "1620"]
[PlyCount "64"]
[EventDate "2008.10.??"]
[EventType "team-tourn"]
[EventRounds "11"]
[EventCountry "FRA"]
[SourceTitle "EXT 2010"]
[Source "ChessBase"]
[SourceDate "2010.11.25"]
[SourceVersion "1"]
[SourceVersionDate "2010.11.25"]
[SourceQuality "1"]

1. e4 c5 2. Nf3 Nc6 3. d4 cxd4 4. Nxd4 Nf6 5. Nc3 e5 6. Ndb5 d6 7. Nd5 Nxd5 8. exd5 Ne7 9. Qf3 Ng6 10. Qc3 Rb8 11. Qb4 a6 12. Nc3 Be7 13. Bxa6 Bd7 14. Be3 bxa6 15. Qc4 a5 16. 0-0 0-0 17. Qe2 Rxb2 18. Ne4 Bb5 19. Qf3 Bxf1 20. Kxf1 Qc7 21. Ng3 Qc4+ 22. Kg1 Qxc2 23. Rf1 Rb1 24. h3 Rxf1+ 25. Nxf1 Qxa2 26. Qg3 Qxd5 27. Nd2 f5 28. f4 Bh4 29. Qh2 exf4 30. Bxf4 Qd4+ 31. Kh1 Qxf4 32. Qxf4 Nxf4 0-1

[Event "FRA-chT U20 0809"]
[Site "Sautron"]
[Date "2009.01.02"]
[Round "4.10"]
[White "Bellahcene, Anissa"]
[Black "Bianchi, Tobias"]
[Result "0-1"]
[WhiteElo "1380"]
[BlackElo "1640"]
[PlyCount "110"]
[EventDate "2008.10.??"]
[EventType "team-tourn"]
[EventRounds "11"]
[EventCountry "FRA"]
[SourceTitle "EXT 2010"]
[Source "ChessBase"]
[SourceDate "2010.11.25"]
[SourceVersion "1"]
[SourceVersionDate "2010.11.25"]
[SourceQuality "1"]

1. e4 c5 2. c3 g6 3. Nf3 Bg7 4. d4 cxd4 5. cxd4 d5 6. e5 Bg4 7. h3 Bxf3 8. Qxf3 e6 9. Nc3 Nc6 10. Bb5 Nge7 11. 0-0 0-0 12. Bg5 Nxd4 13. Qd3 Ndc6 14. a4 Nxe5 15. Qd2 a6 16. Be2 Re8 17. f4 N5c6 18. Rad1 Qb6+ 19. Kh2 Nf5 20. Rf3 Ncd4 21. Rd3 Nb3 22. Qc2 Nc5 23. R3d2 Ne3 24. Qc1 Nxd1 25. Rxd1 d4 26. Na2 Nxa4 27. Bh4 Qxb2 28. Qxb2 Nxb2 29. Rd2 Na4 30. Bf3 Rab8 31. Bg3 b5 32. Nb4 Nc5 33. Nc6 Rbc8 34. Nxd4 Red8 35. Bf2 Bxd4 36. Rxd4 Rxd4 37. Bxd4 Nd7 38. Kg1 Rc4 39. Be3 Rc3 40. Bd2 Rd3 41. Ba5 Ra3 42. Bd8 f6 43. Be7 Rc3 44. Bb4 Rc4 45. Bd6 Rd4 46. Bc7 b4 47. Ba5 b3 48. Kf1 Ra4 49. Bc3 Ra2 50. g4 Kf7 51. Ke1 b2 52. Be4 Ra1+ 53. Kd2 b1Q 54. Bxb1 Rxb1 55. h4 Rh1 0-1

[Event "FRA-chT U20 0809"]
[Site "Sautron"]
[Date "2009.01.02"]
[Round "4.7"]
[White "Bianchi, Tobias"]
[Black "Fohr, Benjamin"]
[Result "1-0"]
[WhiteElo "1640"]
[BlackElo "1420"]
[PlyCount "61"]
[EventDate "2008.10.??"]
[EventType "team-tourn"]
[EventRounds "11"]
[EventCountry "FRA"]
[SourceTitle "EXT 2010"]
[Source "ChessBase"]
[SourceDate "2010.11.25"]
[SourceVersion "1"]
[SourceVersionDate "2010.11.25"]
[SourceQuality "1"]

1. d4 d5 2. c4 dxc4 3. Nc3 c5 4. d5 e6 5. e4 exd5 6. exd5 Be7 7. Bxc4 Nf6 8. Bg5 0-0 9. Nf3 Nbd7 10. d6 Nb6 11. dxe7 Qxe7+ 12. Qe2 Qxe2+ 13. Bxe2 Nfd5 14. Nxd5 Nxd5 15. 0-0-0 Nb4 16. a3 Na2+ 17. Kb1 Be6 18. Nd2 a5 19. Bc4 Bxc4 20. Nxc4 b5 21. Nd2 b4 22. Kxa2 bxa3 23. bxa3 Rab8 24. Rb1 Rbc8 25. Rhc1 Rc6 26. Be3 h6 27. Rxc5 Rxc5 28. Bxc5 Rc8 29. Be3 Rc2+ 30. Kb3 Rc8 31. Kb2 1-0

[Event "FRA-chT U20 0506"]
[Site "France"]
[Date "2005.11.13"]
[Round "2.9"]
[White "Bianchi, Tobias"]
[Black "Minla, Constantin"]
[Result "0-1"]
[WhiteElo "1009"]
[BlackElo "1550"]
[PlyCount "74"]
[EventDate "2005.11.12"]
[EventType "team"]
[EventRounds "3"]
[EventCountry "FRA"]
[SourceTitle "CBM 109 Extra"]
[Source "ChessBase"]
[SourceDate "2006.01.03"]
[SourceVersion "2"]
[SourceVersionDate "2006.01.03"]
[SourceQuality "1"]

1. e4 c5 2. Nf3 Nc6 3. Nc3 g6 4. Bd3 Bg7 5. 0-0 d6 6. h3 Nf6 7. Bc4 0-0 8. d3 Bd7 9. Re1 a6 10. Bg5 Rc8 11. Bxf6 Bxf6 12. Rc1 b5 13. Bb3 Ne5 14. Nd2 e6 15. f4 Nc6 16. Rf1 b4 17. Na4 Na5 18. Nb6 Qxb6 19. Nf3 c4+ 20. Rf2 cxb3 21. axb3 Bxb2 22. Rb1 Bg7 23. Ng5 Bd4 24. Kh1 Bxf2 25. Ra1 Bd4 26. Rc1 Be3 27. Rb1 Bxf4 28. Nf3 Qc7 29. Ra1 Nb7 30. Rxa6 Qxc2 31. Qa1 Qc1+ 32. Qxc1 Rxc1+ 33. Ng1 Rf1 34. d4 Rc8 35. Ra2 Rcc1 36. Ra8+ Kg7 37. Ra2 Rxg1# 0-1